000 01436 a2200241 4500
001 21243
005 20260407155503.0
008 260407a2012 arg spa d
003 AR-UNSa-BCEJYS
040 _aAR-UNSa-BCEJYS
_bspa
_cAR-UNSa-BCEJYS
080 _a304.9
_xCrítica de la situación social. Planes para la mejora de la sociedad. Utopías sociales
245 1 0 _aEmprendedores sociales
_plos que hacen la diferencia
020 _a978-987-1826-05-6
250 _a2a. ed.
264 1 _aBuenos Aires :
_bTemas Grupo Editorial
_c2012
300 _a190 p.
_c20 cm.
505 _a1. Los desafíos abiertos - 2. La disparada de la desigualdades - 3. ¿Qué causo la crisis? - 4. El rol de los emprendedores sociales - 5. ¿Qué es un emprendedor social? - 6. ¿Qué hace un emprendedor social? - 7. ¿Qué competencias debe tener el emprendedor social? - 8. Creando valor a través de las alianzas estratégicas - 9. Problemas estratégicos en formación de emprendedores sociales - 10. ¿Dondé enseñar emprendedurismo social? - 11. ¿Cómo formar emprendedores sociales en América Latina? - 12. Un curriculum tentativo para formar emprendedores sociales - 13. Una nota final
942 _cBK
590 _aniveau_biblio:m niveau_hierar:0
100 1 _aKliksberg, Bernardo
700 1 _aFundación Cláritas
856 4 1 _uhttps://biblioeco.unsa.edu.ar/pmb/images/libros/Emprendedores Sociales.jpg
_yImagen de portada
_qimage/jpeg
999 _c792
_d792